| 000 | 01041nam a2200277 a 4500 | ||
|---|---|---|---|
| 001 | 000016554 | ||
| 003 | OSt | ||
| 005 | 20201126105106.0 | ||
| 008 | 100308s1986 dr 000 0 spa d | ||
| 040 |
_aDO-SdBNP _bspa _cBNPHU |
||
| 049 | _aBNPD | ||
| 082 | _bH557r | ||
| 100 | 1 |
_aHernández Castillo, Angel E. _936801 |
|
| 245 | 1 | 4 |
_aLas reformas dominicanas de la enseñanza 1967 - 1979 / _cAngel E. Hernández Castillo ; prólogo Jorge Max Fernández. |
| 260 |
_aSanto Domingo : _bUASD, _c1986. |
||
| 300 |
_a322 p. ; _c22 cm. |
||
| 490 | 1 |
_aPublicaciones de la Universidad Autónoma de Santo Domingo _vvol. 451 |
|
| 490 | 1 |
_aEducación Y Sociedad _vv. 27 |
|
| 500 | _aIncluye referencias bibliográficas y notas al pie de las páginas | ||
| 504 | _aBibliografía : p. 307-317 | ||
| 590 | _aInventariado, 2020 /LP | ||
| 700 | 1 |
_aFernández, Jorge Max, _epról. _910925 |
|
| 830 | 0 |
_aPublicaciones de la Universidad Autónoma de Santo Domingo _nno. 451 _936802 |
|
| 830 | 0 |
_aEducación Y Sociedad _nno. 27 _936803 |
|
| 942 |
_2ddc _cLBS1 |
||
| 999 |
_c16087 _d16087 |
||